This is cinerama.

Presented in the "Smilebox" curved screen simulation. On the evening of September 30, 1952, the shape and sound of movies changed forever with the introduction of cinerama. This unique widescreen process was launched when television was deemed as a major threat to U.S. film exhibition. Fre...

Full description

Bibliographic Details
Corporate Author: Kanopy (Firm)
Format: Video
Language:English
Published: [San Francisco, California, USA] : Kanopy Streaming, 2014.
Subjects:
Online Access:Connect to this streaming video

MARC

Tag First Indicator Second Indicator Subfields
LEADER 00000cgm a2200000 i 4500
001 in00003584875
006 m o c
007 vz uzazuu
007 cr una---unuuu
008 140717p20141952cau123 o vleng d
005 20260324181524.4
028 5 2 |a 1100072  |b Kanopy 
035 |a (OCoLC)900275597 
035 |a (CaSfKAN)kan1100072 
040 |a UtOrBLW  |b eng  |e rda  |c UtOrBLW 
245 0 0 |a This is cinerama. 
264 1 |a [San Francisco, California, USA] :  |b Kanopy Streaming,  |c 2014. 
300 |a 1 online resource (1 video file, approximately 127 min.) :  |b digital, .flv file, sound 
336 |a two-dimensional moving image  |b tdi  |2 rdacontent 
337 |a computer  |b c  |2 rdamedia 
338 |a online resource  |b cr  |2 rdacarrier 
344 |a digital 
347 |a video file  |b MPEG-4  |b Flash 
500 |a Title from title frames. 
518 |a Originally produced by Flicker Alley in 1952. 
520 |a Presented in the "Smilebox" curved screen simulation. On the evening of September 30, 1952, the shape and sound of movies changed forever with the introduction of cinerama. This unique widescreen process was launched when television was deemed as a major threat to U.S. film exhibition. Fred Waller, cinerama's creator, had indeed labored that long on his dream of a motion picture experience that would recreate the full range of human vision. It used three cameras and three projectors on a curved screen 146ʻ deep. In celebration of the 60th Anniversary of its premiere, Flicker Alley is proud to present This is cinerama (Academy Award Winner*), exactly as seen by over 20,000,000 viewers in its original roadshow version. Travel around the world with cinerama, from Venice to Madrid, from Edinburgh Castle to the La Scala opera house in Milan, and concluding with a flight across America in the nose of a B-25 bomber. Experience this cinema classic once again in this unique "Smilebox" curved screen simulation! (*1953 - Scientific Technical Award to inventor Fred Waller). 
538 |a Mode of access: World Wide Web. 
600 1 0 |a Waller, Fred,  |d 1886-1954. 
650 0 |a Wide-screen processes (Cinematography) 
650 0 |a Motion pictures  |x History. 
650 0 |a Documentary films. 
655 7 |a Internet videos.  |2 lcgft 
655 7 |a Nonfiction films.  |2 lcgft 
655 7 |a Feature films.  |2 lcgft 
710 2 |a Kanopy (Firm) 
856 4 0 |u http://proxy.library.tamu.edu/login?url=https://texasam.kanopystreaming.com/node/100073  |z Connect to this streaming video  |t 0 
999 f f |s acd988a2-db59-3c7b-9bbc-2effdda7b746  |i be40234a-23e6-3a92-8ed8-16e82e2ba388  |t 0 
952 f f |a Texas A&M University  |b College Station  |c Electronic Resources  |s www_evans  |d Available Online  |t 0  |h No information provided 
998 f f |t 0  |l Available Online